Vibrational spectra / (Record no. 23108)

MARC details
000 -LEADER
fixed length control field 00683nam a22001937a 4500
008 - FIXED-LENGTH DATA ELEMENTS--GENERAL INFORMATION
fixed length control field 090205t xxu||||| |||| 00| 0 eng d
010 ## - LCCN (DPL NO)
LC control number ENG-92861
020 ## - INTERNATIONAL STANDARD BOOK NUMBER
Terms of availability 70.00
035 ## - SYSTEM CONTROL NUMBER
System control number EN-76394
037 ## - SOURCE OF ACQUISITION
Source of stock number/acquisition DBAD / PUB
040 ## - CATALOGING SOURCE
Original cataloging agency dpl
Language of cataloging English
082 ## - DEWEY DECIMAL CLASSIFICATION NUMBER
Classification number 543.0858
100 ## - MAIN ENTRY--PERSONAL NAME
Personal name Baskaran, P.
245 ## - TITLE STATEMENT
Title Vibrational spectra /
Statement of responsibility, etc by P. Baskaran
260 ## - PUBLICATION, DISTRIBUTION, ETC. (IMPRINT)
Place of publication, distribution, etc Preambalur
Name of publisher, distributor, etc Mercury Printers & Publishers
Date of publication, distribution, etc 2007
300 ## - PHYSICAL DESCRIPTION
Extent 75p.
Dimensions 22cm (pbk)
942 ## - ADDED ENTRY ELEMENTS (KOHA)
Source of classification or shelving scheme Dewey Decimal Classification
Item type English Books
Call number suffix BAS
Classification part 543.0858
Holdings
Withdrawn status Lost status Source of classification or shelving scheme Damaged status Not for loan Collection code Home library Current library Date acquired Source of acquisition Cost, normal purchase price Total Checkouts Full call number Barcode Date last seen Copy number Cost, replacement price Koha item type
    Dewey Decimal Classification   Not For Loan Non-fiction D.B.Act.Division D.B.Act.Division 05/02/2009 DBAD / PUB 70.00   543.0858 BAS EN-76394 05/02/2009 1 70.00 English Books

© Delhi Public Library
Hit Counter
free hit counter